[Event "37th World Junior Girls"]
[Site "New Delhi IND"]
[Date "2019.10.22"]
[Round "8.20"]
[White "Ferkova, Dominika"]
[Black "Priyanka, K"]
[Result "0-1"]
[WhiteTitle "WFM"]
[WhiteElo "2096"]
[BlackElo "2173"]
[WhiteFideId "14933071"]
[BlackFideId "5082986"]
[EventDate "2019.10.15"]

1. d4 Nf6 2. c4 g6 3. Nc3 Bg7 4. e4 d6 5. f3 O-O 6. Be3 c5 7. dxc5 dxc5 8. Qxd8
Rxd8 9. e5 Nfd7 10. f4 Nc6 11. O-O-O b6 12. Bd3 Bb7 13. Be4 Nf8 14. Nf3 Ne6 15.
g4 Rab8 16. Rxd8+ Ncxd8 17. Bxb7 Rxb7 18. f5 Nd4 19. Bxd4 cxd4 20. Ne4 Rc7 21.
b3 Bh6+ 22. Kc2 Nc6 23. a3 Bf4 24. e6 fxe6 25. fxe6 Rc8 26. Kd3 Rf8 27. Rf1 Bc1
28. Ke2 Bxa3 29. Rd1 Rf4 30. Nf2 Bc5 31. h3 Rf6 32. Ne4 Rxe6 33. Nd2 Bb4 34. Kd3
Bxd2 35. Rxd2 Ne5+ 36. Kc2 Nf3 37. Re2 Ng5 38. Ng3 Rxe2+ 39. Nxe2 e5 40. h4 Ne6
41. b4 a5 42. Kb3 axb4 43. Kxb4 e4 44. Kb5 d3 45. Nc1 d2 0-1

[Event "37th World Junior Girls"]
[Site "New Delhi IND"]
[Date "2019.10.22"]
[Round "8.21"]
[White "Ananya, Suresh"]
[Black "Narva, Mai"]
[Result "0-1"]
[WhiteTitle "WCM"]
[BlackTitle "WIM"]
[WhiteElo "1896"]
[BlackElo "2378"]
[WhiteFideId "25004450"]
[BlackFideId "4500512"]
[EventDate "2019.10.15"]

1. e4 c5 2. Nf3 e6 3. d4 cxd4 4. Nxd4 Nc6 5. Be3 Qc7 6. a3 a6 7. c4 Nf6 8. Nc3
Be7 9. Be2 O-O 10. O-O d6 11. Kh1 Ne5 12. Rc1 b6 13. f4 Ned7 14. b4 Bb7 15. Bd3
Rac8 16. Qf3 Qb8 17. Qg3 Qa8 18. Nd5 Bd8 19. e5 Nxd5 20. cxd5 Bxd5 21. exd6 Bf6
22. Rc7 Rxc7 23. dxc7 Rc8 24. Qh3 h6 25. f5 e5 26. Ne6 b5 27. Nxg7 Kxg7 28.
Bxh6+ Kg8 29. Qg3+ Kh7 30. Bg5 Bxg2+ 31. Kg1 Bxf1 32. Qh4+ Kg8 33. Bxf1 Qc6 34.
Qg3 Kf8 0-1

[Event "37th World Junior Girls"]
[Site "New Delhi IND"]
[Date "2019.10.22"]
[Round "8.22"]
[White "Potapova, Margarita"]
[Black "Bakshi, Rutuja"]
[Result "1-0"]
[WhiteTitle "WFM"]
[WhiteElo "2377"]
[BlackElo "2029"]
[WhiteFideId "14126869"]
[BlackFideId "5016509"]
[EventDate "2019.10.15"]

1. d4 d5 2. c4 c6 3. Nf3 Nf6 4. e3 g6 5. Nc3 Bg7 6. Be2 O-O 7. O-O dxc4 8. Bxc4
Bg4 9. Be2 Nbd7 10. e4 Nb6 11. Bg5 h6 12. Be3 Bxf3 13. Bxf3 Nc4 14. Bc1 e5 15.
dxe5 Nxe5 16. Be2 Qe7 17. h3 Rfd8 18. Qc2 c5 19. Be3 Nc6 20. Rae1 Nd4 21. Qb1 a6
22. f4 Ne8 23. Bd1 Nc7 24. e5 f5 25. Kh2 h5 26. g3 b5 27. b3 Rac8 28. Rg1 b4 29.
Na4 Nd5 30. Rg2 a5 31. Kg1 Bh6 32. Qc1 Kf7 33. Bd2 Ne6 34. Be2 Kf8 35. Bc4 Qb7
36. Rf1 Nd4 37. g4 hxg4 38. hxg4 Ke7 39. Qe1 Rh8 40. Bxd5 Qxd5 41. Nb6 Qc6 42.
Qh4+ g5 43. Nxc8+ Qxc8 44. fxg5 Bg7 45. Qg3 fxg4 46. Qxg4 Qxg4 47. Rxg4 Bxe5 48.
g6 Kd6 49. g7 Rg8 50. Bh6 Ne6 51. Rf8 Bxg7 52. Rxg8 Bxh6 53. R8g6 Be3+ 54. Kf1
Bd4 55. Rh6 Kd5 56. Rgg6 Nf4 57. Ra6 Ke4 58. Rh4 Ke3 59. Rxf4 Kxf4 60. Ke2 Ke4
61. Rxa5 Bg1 62. Ra8 Kd4 63. Kd2 Be3+ 64. Kc2 Bg5 65. Rg8 Bf4 66. Rd8+ Ke4 67.
Ra8 Kd4 68. a4 bxa3 69. Rxa3 Kd5 70. Ra4 Bg3 71. Kd3 Bf2 72. Rg4 Kc6 73. Kc4 Kc7
74. Rg6 Kb7 75. Kb5 Kc7 76. Rc6+ Kb7 77. Rxc5 Bxc5 78. Kxc5 Ka6 79. b4 Kb7 80.
Kb5 Kc7 81. Ka6 Kb8 82. b5 Ka8 83. b6 Kb8 84. b7 Kc7 85. Ka7 1-0

[Event "37th World Junior Girls"]
[Site "New Delhi IND"]
[Date "2019.10.22"]
[Round "8.23"]
[White "Obregon Garcia, Roxangel"]
[Black "Bhagyashree, Patil"]
[Result "0-1"]
[WhiteTitle "WFM"]
[WhiteElo "2267"]
[BlackElo "1802"]
[WhiteFideId "3520420"]
[BlackFideId "25053256"]
[EventDate "2019.10.15"]

1. e4 e5 2. Nf3 Nc6 3. Bb5 a6 4. Ba4 Nf6 5. O-O Be7 6. Re1 b5 7. Bb3 d6 8. c3
O-O 9. d4 exd4 10. cxd4 Na5 11. Bc2 c5 12. h3 Nc6 13. Nc3 Bb7 14. d5 Ne5 15. Nh2
Ng6 16. Ne2 Re8 17. Ng3 Nd7 18. Nf5 Nb6 19. b3 Bf6 20. Rb1 Bc8 21. Ng4 Bc3 22.
Re3 b4 23. Qf3 Ne5 24. Qg3 Nxg4 25. hxg4 Be5 26. f4 Bxf5 27. gxf5 Bd4 28. Kf1
Bxe3 29. Bxe3 Qf6 30. Bc1 Qc3 31. Qf2 Qd4 32. Be3 Qc3 33. Bc1 Qd4 34. Qg3 Qc3
35. Bd3 c4 36. bxc4 Nxc4 37. Qf3 Qxc1+ 38. Rxc1 Nd2+ 39. Ke2 Nxf3 40. gxf3 Rec8
41. Rb1 a5 42. e5 Rab8 43. f6 Re8 44. Rg1 g6 45. Rg5 dxe5 46. Rxe5 Kf8 47. Bc4
Rb6 0-1

[Event "37th World Junior Girls"]
[Site "New Delhi IND"]
[Date "2019.10.22"]
[Round "8.24"]
[White "Pychova, Nela"]
[Black "Tsotsonava, Elene"]
[Result "1/2-1/2"]
[WhiteTitle "WFM"]
[WhiteElo "2178"]
[BlackElo "1905"]
[WhiteFideId "351369"]
[BlackFideId "13615939"]
[EventDate "2019.10.15"]

1. e4 c5 2. Nc3 Nc6 3. Bb5 Nd4 4. Bc4 g6 5. Nf3 Bg7 6. Nxd4 cxd4 7. Qf3 Nf6 8.
Nb5 d6 9. Nxd4 O-O 10. Nb3 Bg4 11. Qg3 Rc8 12. Bd3 Be6 13. c3 Qb6 14. Qe3 Qc7
15. f3 d5 16. Nd4 Nh5 17. Nxe6 fxe6 18. g3 d4 19. cxd4 Qxc1+ 20. Rxc1 Rxc1+ 21.
Kf2 Rxh1 22. Kg2 Rc1 23. e5 Rc7 24. b3 Kh8 25. Bc4 Rc6 26. Qe4 Bh6 27. d5 exd5
28. Bxd5 Rc1 29. d4 b6 30. Bc4 Bg7 1/2-1/2

[Event "37th World Junior Girls"]
[Site "New Delhi IND"]
[Date "2019.10.22"]
[Round "8.25"]
[White "Mungunzul, Bat-Erdene"]
[Black "Nilssen, Ellen Fredericia"]
[Result "1/2-1/2"]
[WhiteTitle "WCM"]
[BlackTitle "WFM"]
[WhiteElo "1912"]
[BlackElo "2137"]
[WhiteFideId "4902831"]
[BlackFideId "1441230"]
[EventDate "2019.10.15"]

1. d4 d6 2. Nf3 Nf6 3. c4 g6 4. Nc3 Bf5 5. g3 Ne4 6. Nxe4 Bxe4 7. Bg2 Bg7 8. O-O
O-O 9. b3 c5 10. Bb2 Nc6 11. Qd2 Bxf3 12. Bxf3 cxd4 13. Bxc6 bxc6 14. Bxd4 Bxd4
15. Qxd4 c5 16. Qc3 a5 17. e4 a4 18. e5 axb3 19. axb3 Qc7 20. exd6 Qxd6 21. Rfd1
Rxa1 22. Qxa1 Qb6 23. Rd3 Rd8 24. Rxd8+ Qxd8 25. Kg2 Qd3 26. Qa8+ Kg7 27. Qf3
Qd6 28. Qe4 e6 29. Qb7 Kg8 30. h4 h5 1/2-1/2

[Event "37th World Junior Girls"]
[Site "New Delhi IND"]
[Date "2019.10.22"]
[Round "8.27"]
[White "Fretel, Liza"]
[Black "Nastase, Andreea-Cristina"]
[Result "0-1"]
[BlackTitle "WFM"]
[WhiteElo "1877"]
[BlackElo "2077"]
[WhiteFideId "26045460"]
[BlackFideId "1221183"]
[EventDate "2019.10.15"]

1. e4 c5 2. Nc3 Nc6 3. g3 g6 4. Bg2 Bg7 5. d3 Rb8 6. Be3 d6 7. a4 a6 8. f4 e6 9.
Nf3 Nd4 10. O-O Ne7 11. Ne1 O-O 12. Qd2 b5 13. axb5 axb5 14. Rb1 Qb6 15. b4 cxb4
16. Rxb4 Qa5 17. Rxd4 Nc6 18. Rxd6 Bxc3 19. Qf2 Qc7 20. e5 Bd7 21. Bc5 Rfc8 22.
d4 Na5 23. Ra6 Nc4 24. Nd3 Qd8 25. Rd1 b4 26. Bd6 Bb5 27. Ra7 Nxd6 28. exd6 Qb6
29. d7 Rd8 30. Ne5 Qxa7 31. f5 exf5 32. Bd5 Rxd7 33. Nxd7 Qxd7 34. Bf3 Qa7 35.
d5 Qxf2+ 36. Kxf2 Ba4 37. Rc1 Bb2 38. Rd1 Bxc2 39. Rd2 b3 40. d6 Bc3 41. Re2 Be4
42. Bxe4 fxe4 43. Rxe4 Rd8 44. Kf3 b2 45. d7 Rxd7 46. Re8+ Kg7 47. Rb8 Rd1 0-1

[Event "37th World Junior Girls"]
[Site "New Delhi IND"]
[Date "2019.10.22"]
[Round "8.29"]
[White "Rindhiya, V"]
[Black "Jain, Nityata"]
[Result "1-0"]
[BlackTitle "WFM"]
[WhiteElo "1817"]
[BlackElo "2029"]
[WhiteFideId "25040529"]
[BlackFideId "35071289"]
[EventDate "2019.10.15"]

1. e4 c6 2. d4 d5 3. Nc3 dxe4 4. Nxe4 Bf5 5. Ng3 Bg6 6. h4 h6 7. Nf3 Nd7 8. h5
Bh7 9. Bd3 Bxd3 10. Qxd3 e6 11. Bd2 Ngf6 12. O-O-O Be7 13. Kb1 O-O 14. Ne4 Nxe4
15. Qxe4 Nf6 16. Qe2 Qd5 17. Ne5 c5 18. dxc5 Bxc5 19. f3 Bd4 20. Bc3 Qxe5 21.
Qxe5 Bxe5 22. Bxe5 Nd5 23. Rhe1 Rac8 24. Rd4 b5 25. g4 Rc6 26. Bg3 a6 27. f4 f5
28. gxf5 Rxf5 29. Re5 Rxe5 30. fxe5 Rc7 31. a3 Kf7 32. Rxd5 exd5 33. e6+ Kxe6
34. Bxc7 Kf5 35. Bd6 Kg5 36. Be5 Kxh5 37. Bxg7 Kg6 38. Be5 Kf5 39. Bc7 Ke4 40.
Kc1 Ke3 41. Kd1 h5 42. Bb6+ Ke4 43. Bd8 Ke3 44. Bg5+ Ke4 45. Kd2 Kd4 46. Ke2 Kc4
47. Ke3 a5 48. Bd8 b4 49. Bxa5 d4+ 50. Kd2 bxa3 51. bxa3 1-0

[Event "37th World Junior Girls"]
[Site "New Delhi IND"]
[Date "2019.10.22"]
[Round "8.30"]
[White "Savitha, Shri B"]
[Black "Kairbekova, Amina"]
[Result "1/2-1/2"]
[WhiteTitle "WFM"]
[BlackTitle "WFM"]
[WhiteElo "1916"]
[BlackElo "2096"]
[WhiteFideId "35061887"]
[BlackFideId "13712799"]
[EventDate "2019.10.15"]

1. e4 e6 2. d4 d5 3. Nd2 Nc6 4. Ngf3 Nf6 5. e5 Nd7 6. c3 f6 7. exf6 Qxf6 8. Bb5
a6 9. Ba4 Bd6 10. Nf1 O-O 11. Bg5 Qf7 12. Ne3 Kh8 13. O-O Qh5 14. Bc2 Rxf3 15.
h4 h6 16. Qxf3 Qxf3 17. gxf3 hxg5 18. hxg5 Bf4 19. Rae1 Nb6 20. g6 e5 21. Kg2
Bd7 22. Rh1+ Kg8 23. Rh4 Re8 24. dxe5 Bxe3 25. fxe3 Nxe5 26. Reh1 Kf8 27. b3 Re6
28. Rh8+ Ke7 29. R1h7 Kd6 30. Rxg7 Be8 31. Bf5 Nxg6 32. Rhh7 Nf8 33. Bxe6 Nxh7
34. Rxh7 Kxe6 35. Rxc7 Bc6 36. Rh7 Nd7 37. Rh6+ Kf5 38. Rh5+ Kg6 39. Rh4 Ne5 40.
Rd4 Kf5 41. a4 a5 42. Kg3 Nd7 43. b4 Nb6 44. bxa5 Nc4 45. e4+ Ke6 46. f4 Nd6 47.
exd5+ Bxd5 48. Kg4 Nf5 49. Rb4 Ne3+ 50. Kg5 Nc4 51. f5+ Ke5 52. Rb5 Nd6 53. Rb6
Nxf5 54. a6 bxa6 55. Rxa6 Nd6 56. Kg6 Ne4 57. a5 Nxc3 58. Rb6 Bc4 59. Rb8 Kd5
60. Kf6 Kc5 61. Rc8+ Kb4 62. Ke5 Ba6 63. Rc6 Bb5 64. Rc8 Ba6 65. Rc6 Bb5 66. Rc7
Na4 67. Ra7 Nc5 68. Kd5 Na6 69. Rxa6 Bxa6 1/2-1/2

[Event "37th World Junior Girls"]
[Site "New Delhi IND"]
[Date "2019.10.22"]
[Round "8.31"]
[White "Zhang, Xiao"]
[Black "Onur, Cigdem"]
[Result "1-0"]
[WhiteElo "2053"]
[BlackElo "1913"]
[WhiteFideId "8610894"]
[BlackFideId "6346030"]
[EventDate "2019.10.15"]

1. d4 d5 2. c4 e6 3. Nf3 Nf6 4. e3 c5 5. Nc3 Nc6 6. cxd5 exd5 7. Bb5 Bd6 8. dxc5
Bxc5 9. O-O O-O 10. h3 Be6 11. b3 Qe7 12. Bb2 Rfd8 13. Ne2 Ne4 14. Rc1 Rac8 15.
Ned4 Bd7 16. Qe2 Bd6 17. Rfd1 Bb8 18. Nxc6 Bxc6 19. Nd4 Qd6 20. f4 Qg6 21. Bxc6
bxc6 22. Qg4 Qxg4 23. hxg4 c5 24. Nf5 Rd7 25. Rxd5 Rxd5 26. Ne7+ Kf8 27. Nxd5 f6
28. Ba3 Bd6 29. Rc4 Nd2 30. Ra4 Kf7 31. f5 Bb8 32. Bc1 Rd8 33. Nc3 Nb1 34. Nxb1
Rd1+ 35. Kf2 Rxc1 36. Na3 Rd1 37. Nb5 Rd7 38. Ke2 Ke7 39. Rc4 a6 40. Nc3 Ba7 41.
Re4+ Kd8 42. Re6 a5 43. Ra6 Rb7 44. Rxa5 Kd7 45. Kd3 Kc6 46. Ra6+ Kd7 47. Kc4
Bb8 48. Nb5 Bg3 49. Kxc5 Bf2 50. Re6 Rb8 51. a4 Rc8+ 52. Kd5 Rc2 53. a5 Rd2+ 54.
Ke4 Rb2 55. Nd4 Ra2 56. a6 Ra3 57. Kf3 Bg1 58. Nb5 1-0

[Event "37th World Junior Girls"]
[Site "New Delhi IND"]
[Date "2019.10.22"]
[Round "8.35"]
[White "Salimova, Nurgyul"]
[Black "Meghna, C H"]
[Result "0-1"]
[WhiteTitle "FM"]
[BlackTitle "WFM"]
[WhiteElo "2415"]
[BlackElo "1956"]
[WhiteFideId "2915138"]
[BlackFideId "5044790"]
[EventDate "2019.10.15"]

1. Nf3 d5 2. d4 c6 3. g3 Nf6 4. Bg2 g6 5. O-O Bg7 6. b3 O-O 7. Bb2 Qb6 8. Nbd2
Bf5 9. c4 Ne4 10. e3 a5 11. Nh4 Nxd2 12. Qxd2 Be6 13. Rfc1 Nd7 14. Nf3 Nf6 15.
c5 Qc7 16. Qe1 Bf5 17. a3 Be4 18. b4 Nd7 19. Bc3 a4 20. Qd1 Rfe8 21. Bf1 e5 22.
Nd2 Bf5 23. b5 exd4 24. exd4 Nf6 25. bxc6 bxc6 26. Bg2 Bh6 27. Qf1 Qb7 28. Ra2
Qd7 29. Rb2 Re7 30. Rd1 Qe8 31. Nf3 Ne4 32. Bb4 Bc8 33. Bh3 Ba6 34. Qg2 Bg7 35.
Be1 Ng5 36. Ne5 f6 37. Bd7 Rxd7 38. Nxd7 Qxd7 39. h4 Qg4 40. Rdb1 Nf3+ 41. Kh1
Bd3 42. Rb8+ Rxb8 43. Rxb8+ Bf8 0-1

[Event "37th World Junior Girls"]
[Site "New Delhi IND"]
[Date "2019.10.22"]
[Round "8.36"]
[White "Ulziikhishigjargal, Ochirkhuyag"]
[Black "Shivika, Rohilla"]
[Result "1-0"]
[WhiteTitle "FM"]
[WhiteElo "2194"]
[BlackElo "1721"]
[WhiteFideId "4903188"]
[BlackFideId "45015414"]
[EventDate "2019.10.15"]

1. e4 e5 2. Nf3 Nc6 3. Bc4 Bc5 4. c3 Nf6 5. d3 O-O 6. O-O d5 7. exd5 Nxd5 8.
Nbd2 Nb6 9. Bb5 Bg4 10. h3 Bf5 11. Ne4 Bxe4 12. dxe4 Qe7 13. Qe2 Nd8 14. g3 c6
15. Bd3 f6 16. Nh4 g6 17. Bc2 Nf7 18. Bb3 Kh8 19. Qg4 a5 20. a4 Qd7 21. Be6 Qe7
22. Kh2 Ng5 23. Bb3 Qd7 24. Kg2 Qxg4 25. hxg4 Nf7 26. Nf3 Kg7 27. Rh1 g5 28. Nd2
Nd6 29. Kf3 Rfd8 30. Ke2 Nd7 31. Bc2 Nf8 32. Nf1 Nc8 33. Ne3 Ne7 34. Nc4 Ne6 35.
Rh5 Rd7 36. Bb3 Nf8 37. Bxg5 fxg5 38. Nxe5 h6 39. Nxd7 Nxd7 40. Rah1 Rh8 41. f3
Nf6 42. R5h3 Ng6 43. Be6 Re8 44. Bf5 Ng8 45. Rb1 Bd6 46. Rd1 Be5 47. Rd7+ Re7
48. Rd8 Nf6 49. Ra8 Bc7 50. Bxg6 Kxg6 51. Kd3 Nd7 52. Rg8+ Rg7 53. Re8 Ne5+ 54.
Ke2 Rf7 55. Re6+ Rf6 56. Rxh6+ Kxh6 57. Rxf6+ Kg7 58. Rf5 Kg6 59. f4 gxf4 60.
gxf4 Nf7 61. e5 Nh6 62. Rg5+ Kf7 63. Kf3 Ng8 64. Ke4 Ne7 65. f5 Bb8 66. Rh5 Kg8
67. g5 Bc7 68. e6 Bd6 69. f6 Nd5 70. Kf5 Bc5 71. c4 1-0

[Event "37th World Junior Girls"]
[Site "New Delhi IND"]
[Date "2019.10.22"]
[Round "8.37"]
[White "Ortiz Verdezoto, Anahi"]
[Black "Jayaweera, Sayuni Gihansa"]
[Result "1-0"]
[WhiteTitle "WIM"]
[BlackTitle "WCM"]
[WhiteElo "2055"]
[BlackElo "1788"]
[WhiteFideId "3614581"]
[BlackFideId "9917314"]
[EventDate "2019.10.15"]

1. d4 Nf6 2. c4 g6 3. Nc3 d5 4. cxd5 Nxd5 5. e4 Nxc3 6. bxc3 Bg7 7. Bc4 c5 8.
Be3 O-O 9. Ne2 cxd4 10. cxd4 Qa5+ 11. Bd2 Qa3 12. Rb1 Nc6 13. d5 Ne5 14. Qb3
Qxb3 15. Bxb3 Nd3+ 16. Kf1 Bd7 17. Be3 b6 18. Bc2 Ne5 19. Nd4 Rac8 20. Ke2 Nc4
21. Bd3 Nxe3 22. fxe3 Rc3 23. Rhc1 Rfc8 24. Rxc3 Rxc3 25. Kd2 Rc5 26. Rc1 Rxc1
27. Kxc1 Kf8 28. Kd2 Ke8 29. h3 Kd8 30. Nf3 h6 31. e5 Kc7 32. Bc4 Be8 33. Kd3 b5
34. Bb3 a5 35. e4 a4 36. Bc2 Kb6 37. Kd4 Bd7 38. a3 Bc8 39. Ne1 g5 40. Bd1 f5
41. Nd3 f4 42. Bh5 Bd7 43. Nb4 Bh8 44. Bg6 Bg7 45. Bf5 Be8 46. Nd3 Bh5 47. Bd7
Be2 48. Nb4 Bf1 49. Nc6 Bxg2 50. Nxe7 f3 51. d6 f2 52. Nd5+ Kb7 53. Bxb5 f1=Q
54. Bxf1 Bxf1 55. d7 1-0

[Event "37th World Junior Girls"]
[Site "New Delhi IND"]
[Date "2019.10.22"]
[Round "8.38"]
[White "Tamarozi, Isabelle"]
[Black "Rathi, Dhanashree"]
[Result "1-0"]
[WhiteElo "2029"]
[BlackElo "1692"]
[WhiteFideId "2132400"]
[BlackFideId "25071467"]
[EventDate "2019.10.15"]

1. e4 c5 2. Nf3 e6 3. d4 cxd4 4. Nxd4 a6 5. c4 Nf6 6. Nc3 Qc7 7. a3 b6 8. Be3
Bb7 9. f3 Be7 10. Be2 d6 11. Qd2 Nbd7 12. Rc1 O-O 13. O-O Rfe8 14. b4 Rac8 15.
Rfd1 Qb8 16. Nb3 Bc6 17. Qe1 Nf8 18. Qf2 N6d7 19. Kh1 Bf6 20. Bd4 Red8 21. Rc2
Ba8 22. Bf1 Bxd4 23. Qxd4 Ne5 24. Rcd2 Qc7 25. Na4 Nxc4 26. Bxc4 Qxc4 27. Qe3 b5
28. Nb6 Qc3 29. Rd3 Qb2 30. Nxc8 Rxc8 31. Nd4 d5 32. e5 Nd7 33. f4 Nb6 34. f5
Nc4 35. Qg3 g6 36. f6 h6 37. Qh4 h5 38. Qg5 Kf8 39. Qh6+ Ke8 40. Qg7 Nxe5 41.
Nxe6 Kd7 42. Nc5+ Kd6 43. R3d2 Qxa3 44. h3 Qxb4 45. Nd3 Nxd3 46. Rxd3 Qe4 47.
Qxf7 Rc2 48. Qf8+ Kd7 49. Qg7+ Kd6 50. Rg3 d4 51. Rxg6 Qe3 52. f7+ Kd5 53. f8=Q 1-0

[Event "37th World Junior Girls"]
[Site "New Delhi IND"]
[Date "2019.10.22"]
[Round "8.40"]
[White "Punsalan, Vyanla M"]
[Black "Dahampriya, H K T Dewnethmie"]
[Result "1/2-1/2"]
[WhiteTitle "WFM"]
[WhiteElo "1964"]
[BlackElo "1629"]
[WhiteFideId "4305850"]
[BlackFideId "9931180"]
[EventDate "2019.10.15"]

1. e4 c5 2. c3 Nf6 3. e5 Nd5 4. d4 cxd4 5. Nf3 Nc6 6. cxd4 d6 7. Nc3 dxe5 8.
dxe5 Nxc3 9. Qxd8+ Nxd8 10. bxc3 Bd7 11. Be3 g6 12. h4 h5 13. Nd4 a6 14. Be2 Bg7
15. f4 Rc8 16. Kd2 O-O 17. g4 hxg4 18. Rag1 f5 19. exf6 Rxf6 20. Bxg4 Bxg4 21.
Rxg4 Kf7 22. h5 gxh5 23. Rxh5 Rh6 24. Rxg7+ Kxg7 25. Nf5+ Kg6 26. Rg5+ Kh7 27.
Rg7+ Kh8 28. Bd4 Rc4 29. Be5 Re6 30. Nxe7 Rxe5 31. Rg8+ Kh7 32. fxe5 Nc6 33. Rc8
Nxe5 34. Rxc4 Nxc4+ 35. Kd3 Nd6 36. c4 Kg7 37. c5 Ne8 38. c6 bxc6 39. Nxc6 Kf7
40. Kc4 Nc7 41. Kc5 Ke8 42. Nb8 Kd8 43. Kc6 Kc8 44. Nxa6 Nxa6 1/2-1/2

[Event "37th World Junior Girls"]
[Site "New Delhi IND"]
[Date "2019.10.23"]
[Round "9.1"]
[White "Tsolakidou, Stavroula"]
[Black "Shuvalova, Polina"]
[Result "0-1"]
[WhiteTitle "IM"]
[BlackTitle "WIM"]
[WhiteElo "2431"]
[BlackElo "2412"]
[WhiteFideId "4264312"]
[BlackFideId "24171760"]
[EventDate "2019.10.15"]

1. Nf3 Nf6 2. c4 e6 3. g3 d5 4. Bg2 Be7 5. O-O O-O 6. d4 dxc4 7. Qc2 a6 8. a4
Bd7 9. Qxc4 Bc6 10. Bg5 Bd5 11. Qd3 c5 12. dxc5 Nbd7 13. Nc3 Nxc5 14. Qe3 Rc8
15. Rfd1 h6 16. Bh4 Re8 17. Ne5 Qc7 18. Bxf6 Bxf6 19. Ng4 Bxc3 20. Qxc3 Bxg2 21.
Kxg2 a5 22. Kg1 Na6 23. Qe3 Red8 24. Rac1 Rxd1+ 25. Rxd1 Nb4 26. Qd4 Qc2 27. Qd7
Nd5 28. Rd4 Qc7 29. Qxc7 Rxc7 30. e4 Nb4 31. Rd8+ Kh7 32. Ne5 f6 33. Ng4 Nc2 34.
h4 h5 35. Nh2 Rc4 36. e5 fxe5 37. Nf3 Rxa4 38. Rd6 Nd4 39. Nxe5 b5 40. Kg2 Rb4
41. Nd3 Rc4 42. Ne5 Rc5 43. Nd3 Rd5 44. Rxd5 exd5 45. Nf4 a4 46. Nxd5 Kg6 47. f3
Kf5 48. Kf2 Ke5 49. Nb4 Nf5 50. g4 hxg4 51. fxg4 Nxh4 52. Ke3 g5 53. Kd3 Ng2 54.
Nc6+ Kd5 55. Nb4+ Ke5 56. Nc6+ Kd6 57. Nb4 Nf4+ 58. Kd4 Ne6+ 59. Kd3 Ke5 60. Na2
Nf4+ 61. Kc2 Kd4 62. Nc3 Kc4 63. Ne4 Ne6 64. Nd6+ Kc5 65. Ne4+ Kd4 66. Nc3 Kc4
67. Ne4 Kd4 68. Nc3 Nc7 69. Kd2 Ke5 70. Ne2 Ke4 71. Kc3 Ke3 72. Nc1 Nd5+ 73. Kc2
Kf4 74. Kd3 Kxg4 75. Kd4 Nc7 76. Nd3 Kf5 77. Kc5 g4 78. Nf2 g3 79. Nh3 Ke5 0-1

[Event "37th World Junior Girls"]
[Site "New Delhi IND"]
[Date "2019.10.23"]
[Round "9.2"]
[White "Alinasab, Mobina"]
[Black "Antova, Gabriela"]
[Result "1-0"]
[WhiteTitle "WIM"]
[BlackTitle "FM"]
[WhiteElo "2239"]
[BlackElo "2318"]
[WhiteFideId "12528897"]
[BlackFideId "2915235"]
[EventDate "2019.10.15"]

1. e4 c5 2. Nf3 d6 3. d4 cxd4 4. Nxd4 Nf6 5. Nc3 a6 6. Be2 e6 7. f4 Qc7 8. g4 b5
9. a3 Bb7 10. Bf3 Nfd7 11. f5 e5 12. Nde2 Nb6 13. O-O N8d7 14. Ng3 d5 15. exd5
Bc5+ 16. Kg2 Nf6 17. g5 Ng8 18. f6 gxf6 19. Be4 f5 20. Nxf5 O-O-O 21. Qf3 f6 22.
Kh1 Kb8 23. d6 Bxd6 24. Bxb7 Qxb7 25. Qxb7+ Kxb7 26. gxf6 Nxf6 27. Bg5 Nfd5 28.
Bxd8 Rxd8 29. Nxd6+ Rxd6 30. Rf7+ Kc6 31. Ne4 Rh6 32. b3 Rh4 33. Re1 h6 34. Ng3
Rd4 35. Rxe5 Nf4 36. Rf6+ Kc7 37. Re1 Nbd5 38. Rxh6 Rd2 39. c4 Ne3 40. Nf1 Rd1
41. Rxd1 Nxd1 42. Nd2 1-0

[Event "37th World Junior Girls"]
[Site "New Delhi IND"]
[Date "2019.10.23"]
[Round "9.5"]
[White "Protopopova, Anastasiya"]
[Black "Dordzhieva, Dinara"]
[Result "0-1"]
[WhiteTitle "WFM"]
[BlackTitle "WIM"]
[WhiteElo "2263"]
[BlackElo "2335"]
[WhiteFideId "24172073"]
[BlackFideId "24157570"]
[EventDate "2019.10.15"]

1. d4 Nf6 2. c4 e6 3. Nc3 c5 4. Nf3 cxd4 5. Nxd4 Nc6 6. g3 Qb6 7. Ndb5 Ne5 8.
Bg2 Nfg4 9. e3 a6 10. Nd4 Nf6 11. b3 Be7 12. O-O d6 13. Ba3 O-O 14. Qd2 Qa5 15.
Nc2 Qc7 16. Rac1 Rb8 17. Nd4 Rd8 18. Na4 Nc6 19. Nxc6 bxc6 20. Bb4 Re8 21. Rfd1
c5 22. Ba5 Qa7 23. Nc3 Bb7 24. e4 Qa8 25. Qf4 Rbc8 26. Na4 Nd7 27. Bc3 Bc6 28.
Qg4 e5 29. Qe2 Qb7 30. Bh3 Rb8 31. Nb2 Nf8 32. Re1 Ne6 33. Bxe6 fxe6 34. Qg4 Bf8
35. Nd3 a5 36. Rb1 Qd7 37. Red1 Qa7 38. a4 Rb6 39. Ne1 Qb7 40. Bxa5 Rxb3 41. Ra1
Bxe4 42. Bd2 d5 43. Rdc1 Bf5 44. Qd1 d4 45. a5 Rb2 46. g4 Bg6 47. Ng2 e4 48. Nf4
e3 49. fxe3 Qe4 50. Ra3 dxe3 51. Bxe3 Be7 52. Qd3 Qf3 53. Qd1 Qc6 54. Qf1 Rf8
55. Qh3 Be4 56. Rf1 g5 57. Rf2 Rxf2 58. Bxf2 Rxf4 59. a6 Qd7 60. Ra1 Ba8 61. a7
Qb7 0-1

[Event "37th World Junior Girls"]
[Site "New Delhi IND"]
[Date "2019.10.23"]
[Round "9.6"]
[White "Pandey, Srishti"]
[Black "Munkhzul, Turmunkh"]
[Result "0-1"]
[BlackTitle "WIM"]
[WhiteElo "1963"]
[BlackElo "2332"]
[WhiteFideId "35093290"]
[BlackFideId "4901878"]
[EventDate "2019.10.15"]

1. Nf3 Nf6 2. c4 e6 3. g3 b6 4. Bg2 Bb7 5. O-O Be7 6. d3 O-O 7. e4 d6 8. Nc3 c5
9. Ne1 Nc6 10. f4 a6 11. g4 Nd7 12. g5 e5 13. Nd5 exf4 14. Bxf4 Nde5 15. Nc2
Bxg5 16. Bxg5 Qxg5 17. Nxb6 Rae8 18. Qe2 f5 19. Kh1 f4 20. b4 cxb4 21. Rae1 Ng6
22. Rg1 Qh6 23. Bf3 Nh4 24. d4 Ne7 25. Rg4 Nef5 26. Kg1 Ne3 27. Nxe3 Nxf3+ 28.
Qxf3 Bxe4 29. Nf5 Bxf5 30. Rxe8 Rxe8 31. Rxf4 Bh3 32. Kf2 g5 33. Qc6 Bd7 34. Qg2
Bh3 35. Qc6 Qe6 36. Nd7 Qe3# 0-1

[Event "37th World Junior Girls"]
[Site "New Delhi IND"]
[Date "2019.10.23"]
[Round "9.13"]
[White "Potluri, Supreetha"]
[Black "Rakshitta, Ravi"]
[Result "1-0"]
[WhiteTitle "WFM"]
[BlackTitle "WIM"]
[WhiteElo "1767"]
[BlackElo "2310"]
[WhiteFideId "25053094"]
[BlackFideId "25073230"]
[EventDate "2019.10.15"]

1. d4 Nf6 2. Nf3 g6 3. g3 Bg7 4. Bg2 O-O 5. O-O d6 6. c4 c6 7. b3 e5 8. dxe5
Nfd7 9. Bg5 f6 10. exf6 Nxf6 11. Nc3 h6 12. Bxf6 Bxf6 13. Rc1 Qe7 14. Qd3 Bf5
15. e4 Be6 16. e5 dxe5 17. Qxg6+ Bg7 18. Nh4 Rf6 19. Qc2 Nd7 20. Ne4 Rf7 21.
Rcd1 Nf8 22. Nd6 Rf6 23. c5 Bg4 24. Rde1 Qd7 25. f3 Be6 26. Rd1 Bd5 27. Ne4 Rf7
28. Nd6 Rf6 29. Nhf5 Ne6 30. Bh3 Bf8 31. Qe2 Rxf5 32. Bxf5 Bg7 33. Bxe6+ Qxe6
34. Nxb7 Rf8 35. Nd6 Rf6 36. Ne4 Rg6 37. Nc3 h5 38. Qd3 h4 39. Nxd5 hxg3 40.
Ne7+ Qxe7 41. Qxg6 gxh2+ 42. Kh1 1-0